00909cam a22002657a 4500001001000000003000500010005001700015008004100032010001000073011001000083020001500093035001100108040000900119082002000128100003300148245018200181260004600363300001100409500003900420650004600459650002400505650003500529650003700564650004200601000094240CHAP20240119130956.0050819s2003 mx r 00010 spa d a90706 a91678 a9707222638 a102239 cCHAP02a338.180972bF5610aFlores Verduzco, Juan José10aIntegración económica al TLCAN y participación estatal en el sistema de innovación tecnológica en granos y oleaginosas de México /c/por Juan José Flores Verduzco. aMéxico, D. F. :bPlaza y Valdes,c2003. a265 p. aPublicado originalmente como tesis04aAgriculturaxInnovaciones tecnológicas.04aCerealeszMéxico.04aPlantas oleaginosaszMéxico.04aPolítica agrícolazMéxico.04aTratado Trilateral de Libre Comercio.